| Tag |
First Indicator |
Second Indicator |
Subfields |
| LEADER |
00000cam a2200000 a 4500 |
| 001 |
in00000017487 |
| 005 |
20151007053556.0 |
| 008 |
861229s1987 nyu b 00110 eng |
| 010 |
|
|
|a 86033567
|
| 020 |
|
|
|a 0824097858 (alk. paper)
|
| 035 |
|
|
|a (OCoLC)15084025
|
| 035 |
|
|
|9 AAB2122AM
|
| 040 |
|
|
|a DLC
|c DLC
|d TXA
|d UtOrBLW
|
| 043 |
|
|
|a n-us---
|
| 049 |
|
|
|a TXAM
|c [A11085523]
|
| 050 |
0 |
0 |
|a E98.P5
|b F74 1987
|
| 082 |
0 |
|
|a 305.8/97073
|2 19
|
| 100 |
1 |
|
|a French, Laurence,
|d 1941-
|
| 245 |
1 |
0 |
|a Psychocultural change and the American Indian :
|b an ethnohistorical analysis /
|c Laurence French.
|
| 264 |
|
1 |
|a New York :
|b Garland,
|c 1987.
|
| 300 |
|
|
|a xiii, 214 pages ;
|c 23 cm.
|
| 336 |
|
|
|a text
|b txt
|2 rdacontent
|
| 337 |
|
|
|a unmediated
|b n
|2 rdamedia
|
| 338 |
|
|
|a volume
|b nc
|2 rdacarrier
|
| 490 |
1 |
|
|a Garland reference library of social science ;
|v vol. 381
|
| 504 |
|
|
|a Bibliography: pages 199-206.
|
| 500 |
|
|
|a Includes index.
|
| 650 |
|
0 |
|a Indian philosophy
|z North America.
|
| 650 |
|
0 |
|a Indians of North America
|x Education.
|
| 650 |
|
0 |
|a Indians of North America
|x Cultural assimilation.
|
| 830 |
|
0 |
|a Garland reference library of social science ;
|v vol. 381.
|
| 999 |
|
|
|a MARS
|
| 999 |
f |
f |
|s 7392039c-2bbc-3b16-bc42-b0d5d34295ca
|i 8a9ad006-7230-3b9e-93fa-0b0874986d9d
|t 0
|
| 952 |
f |
f |
|p ric
|a Texas A&M University
|b Rellis Campus
|c Joint Library Facility
|d Remote Storage
|t 0
|e E98.P5 F74 1987
|h Library of Congress classification
|i unmediated -- volume
|m A14811085523
|
| 998 |
f |
f |
|a E98.P5 F74 1987
|t 0
|l Remote Storage
|